000 00272nam a2200109Ia 4500
008 190911s9999||||xx |||||||||||||| ||und||
100 _aHarris,Stephen E.
245 0 _aWord Perfect 7 for Windows 95 Bible
260 _aNew Delhi
_bPearson
_c1996
300 _a918
942 _cBK
999 _c6695
_d6695